[Event "BCF-chTb 1920 (4NCL)"]
[Site "Daventry"]
[Date "2020.01.12"]
[Round "4.51"]
[White "Moss, Guy"]
[Black "Parligras, Mircea Emilian"]
[Result "0-1"]
[WhiteElo "2187"]
[BlackElo "2600"]
[PlyCount "92"]
[EventDate "2019.11.09"]
[EventType "team-tourn"]
[EventRounds "11"]
[EventCountry "ENG"]
[SourceTitle "CBM 194 Extra"]
[Source "ChessBase"]
[SourceDate "2020.03.31"]
[SourceVersion "1"]
[SourceVersionDate "2020.03.31"]
[SourceQuality "1"]
[WhiteTeam "Barbican II"]
[BlackTeam "Chess.com Manx Liberty"]
[WhiteTeamCountry "ENG"]
[BlackTeamCountry "ENG"]

1. e4 c5 2. Nf3 d6 3. d4 cxd4 4. Nxd4 Nf6 5. Nc3 a6 6. Be3 e6 7. f3 b5 8. g4 Bb7 9. a3 Nfd7 10. f4 Be7 11. g5 Nc6 12. Nxc6 Bxc6 13. Qd2 Rb8 14. Bg2 0-0 15. 0-0 Nc5 16. f5 Re8 17. f6 Bf8 18. Qf2 Qc7 19. Qh4 b4 20. axb4 Rxb4 21. Rf3 g6 22. Rh3 h6 23. gxh6 Kh7 24. b3 d5 25. Qf2 Nxe4 26. Nxe4 dxe4 27. Rxa6 Rd8 28. Ra1 Rb5 29. Rh4 Rf5 30. Qe2 Qe5 31. Rf1 Qxf6 32. Rhf4 Bxh6 33. Rxf5 exf5 34. Bxh6 Kxh6 35. Qe3+ Qg5 36. Rf4 Rd1+ 37. Kf2 Kg7 38. h4 Qf6 39. Bf1 Qb2 40. Kg3 Qxc2 41. h5 Qd2 42. Qc5 Qd6 43. Qc3+ Qd4 44. Qxd4+ Rxd4 45. hxg6 fxg6 46. Rf2 Bd5 0-1

[Event "BCF-chT2 1819 (4NCL) Promotion"]
[Site "England"]
[Date "2019.03.17"]
[Round "8.44"]
[White "Moss, Guy"]
[Black "Pollack, Oscar"]
[Result "1-0"]
[WhiteElo "2179"]
[BlackElo "2222"]
[PlyCount "75"]
[EventDate "2018.11.10"]
[EventType "team-tourn"]
[EventRounds "11"]
[EventCountry "ENG"]
[SourceTitle "EXT 2021"]
[Source "ChessBase"]
[SourceDate "2020.10.23"]
[SourceVersion "1"]
[SourceVersionDate "2020.10.23"]
[SourceQuality "1"]
[WhiteTeam "Barbican II"]
[BlackTeam "Barnet Knights"]
[WhiteTeamCountry "ENG"]
[BlackTeamCountry "ENG"]

1. e4 e6 2. d4 d5 3. e5 c5 4. c3 Nc6 5. Nf3 Bd7 6. a3 f6 7. Bd3 Qc7 8. 0-0 0-0-0 9. Re1 fxe5 10. dxe5 Nh6 11. b4 Nf7 12. Qe2 c4 13. Bc2 h6 14. b5 Na5 15. Nd4 Bc5 16. a4 g5 17. Ba3 b6 18. Nd2 Kb8 19. Nf1 Nb7 20. Bb4 Rhg8 21. h3 Bf8 22. Bxf8 Rdxf8 23. Ng3 Nc5 24. Nh5 g4 25. hxg4 Nd3 26. Bxd3 cxd3 27. Qe3 Rxg4 28. Nf6 Rg6 29. a5 Nd8 30. axb6 axb6 31. Nxd7+ Qxd7 32. Ra6 Qg7 33. g3 h5 34. Rxb6+ Kc7 35. Ra1 Qh6 36. Nxe6+ Nxe6 37. Ra7+ Kc8 38. Rb8+ 1-0

[Event "BCF-chT2b 1819 (4NCL)"]
[Site "England"]
[Date "2019.01.13"]
[Round "4.54"]
[White "Payne, Matthew"]
[Black "Moss, Guy"]
[Result "1/2-1/2"]
[WhiteElo "2207"]
[BlackElo "2188"]
[PlyCount "115"]
[EventDate "2018.11.10"]
[EventType "team-tourn"]
[EventRounds "11"]
[EventCountry "ENG"]
[SourceTitle "EXT 2021"]
[Source "ChessBase"]
[SourceDate "2020.10.23"]
[SourceVersion "1"]
[SourceVersionDate "2020.10.23"]
[SourceQuality "1"]
[WhiteTeam "Sussex Martlets"]
[BlackTeam "Barbican II"]
[WhiteTeamCountry "ENG"]
[BlackTeamCountry "ENG"]

1. e4 c5 2. Nf3 d6 3. Bb5+ Bd7 4. Bxd7+ Qxd7 5. 0-0 Nc6 6. Qe2 Nf6 7. Rd1 e6 8. d4 cxd4 9. Nxd4 Be7 10. c4 0-0 11. Nc3 a6 12. b3 Qc7 13. Bb2 Nd7 14. Rac1 Rad8 15. Qg4 Nxd4 16. Rxd4 Bf6 17. Rd2 Ne5 18. Qg3 Ng6 19. f4 Qc5+ 20. Kh1 Qh5 21. Rcd1 Nxf4 22. Qxf4 Be5 23. g4 Bxf4 24. gxh5 Bxd2 25. Rxd2 f5 26. exf5 Rxf5 27. Ne4 d5 28. h6 d4 29. Bxd4 e5 30. Bc3 Rxd2 31. Bxd2 Rf1+ 32. Kg2 Ra1 33. Nc3 gxh6 34. Bxh6 Kf7 35. Be3 Ke6 36. b4 Kf5 37. c5 Ke6 38. h4 h5 39. Kf3 Rf1+ 40. Ke2 Rh1 41. Bg5 Rg1 42. Ne4 Rg2+ 43. Kd3 Rxa2 44. Nf6 a5 45. bxa5 Rxa5 46. Kc4 Ra4+ 47. Kb5 Ra1 48. Nxh5 Kd5 49. Bd2 Rb1+ 50. Bb4 Rh1 51. Nf6+ Ke6 52. Ne4 Rxh4 53. Nd6 e4 54. Nxb7 e3 55. c6 Rxb4+ 56. Kxb4 e2 57. Nc5+ Kd5 58. Nd3 1/2-1/2

[Event "BCF-chT2 1617 (4NCL) Demotion pool"]
[Site "England"]
[Date "2017.04.30"]
[Round "10.61"]
[White "Emms, John M"]
[Black "Moss, Guy"]
[Result "1-0"]
[WhiteElo "2464"]
[BlackElo "2141"]
[PlyCount "75"]
[EventDate "2016.11.19"]
[EventType "team-tourn"]
[EventRounds "11"]
[EventCountry "ENG"]
[SourceTitle "EXT 2019"]
[Source "ChessBase"]
[SourceDate "2018.10.10"]
[SourceVersion "1"]
[SourceVersionDate "2018.10.10"]
[SourceQuality "1"]
[WhiteTeam "KJCA Kings"]
[BlackTeam "Barbican Youth"]
[WhiteTeamCountry "ENG"]
[BlackTeamCountry "ENG"]

1. c4 Nf6 2. Nc3 c6 3. e4 d6 4. d4 Nbd7 5. Nf3 e5 6. Be2 g6 7. 0-0 Bg7 8. Be3 Ng4 9. Bg5 f6 10. Bd2 0-0 11. h3 Nh6 12. Qc1 Nf7 13. Qc2 f5 14. exf5 gxf5 15. dxe5 Ndxe5 16. Nxe5 dxe5 17. f4 e4 18. Be3 Be6 19. Kh2 Qc7 20. Rad1 Rfd8 21. Na4 b6 22. b3 Rxd1 23. Rxd1 Rd8 24. Nc3 Rxd1 25. Nxd1 Nd8 26. Nf2 Bd7 27. c5 b5 28. g4 Ne6 29. Qd2 Nf8 30. Qd6 Qxd6 31. cxd6 Ng6 32. gxf5 Bxf5 33. Bg4 Bxg4 34. hxg4 Kf7 35. Nxe4 Bf8 36. Kg3 a6 37. d7 Be7 38. Bb6 1-0

[Event "BCF-chT1b 1617 (4NCL)"]
[Site "England"]
[Date "2017.02.12"]
[Round "6.87"]
[White "Moss, Guy"]
[Black "Tozer, Philip AA"]
[Result "1-0"]
[WhiteElo "2052"]
[BlackElo "2143"]
[PlyCount "87"]
[EventDate "2016.11.19"]
[EventType "team-tourn"]
[EventRounds "7"]
[EventCountry "ENG"]
[SourceTitle "EXT 2018"]
[Source "ChessBase"]
[SourceDate "2017.10.13"]
[SourceVersion "1"]
[SourceVersionDate "2017.10.13"]
[SourceQuality "1"]
[WhiteTeam "Barbican II"]
[BlackTeam "Anglian Avengers"]
[WhiteTeamCountry "ENG"]
[BlackTeamCountry "ENG"]

1. e4 e6 2. d4 d5 3. e5 c5 4. c3 Nc6 5. Nf3 Bd7 6. a3 f6 7. Bd3 Qc7 8. 0-0 0-0-0 9. Bf4 h6 10. Bg3 f5 11. h4 Be8 12. c4 Bh5 13. cxd5 Rxd5 14. Bc4 Nxd4 15. Bxd5 exd5 16. Nc3 Ne7 17. Qa4 Bxf3 18. gxf3 g5 19. Rfd1 Nec6 20. Nb5 Nxb5 21. Qxb5 f4 22. Bh2 Be7 23. Qd3 Qxe5 24. Qxd5 Qxd5 25. Rxd5 Nd4 26. Kg2 Rd8 27. Rxd8+ Kxd8 28. Rd1 Kc7 29. Rd3 Bf6 30. Kh3 Kc6 31. Kg4 c4 32. Rd1 Nb3 33. Kf5 Bxb2 34. hxg5 hxg5 35. Kxg5 Be5 36. Bxf4 Bxf4+ 37. Kxf4 Kc5 38. Ke3 b5 39. f4 a5 40. f5 c3 41. Kd3 Nd4 42. f6 b4 43. axb4+ axb4 44. f7 1-0

[Event "BCF-chT1b 1617 (4NCL)"]
[Site "England"]
[Date "2017.02.11"]
[Round "5.67"]
[White "Van de Griendt, Jan Willem"]
[Black "Moss, Guy"]
[Result "1/2-1/2"]
[WhiteElo "2357"]
[BlackElo "2052"]
[PlyCount "92"]
[EventDate "2016.11.19"]
[EventType "team-tourn"]
[EventRounds "7"]
[EventCountry "ENG"]
[SourceTitle "EXT 2018"]
[Source "ChessBase"]
[SourceDate "2017.10.13"]
[SourceVersion "1"]
[SourceVersionDate "2017.10.13"]
[SourceQuality "1"]
[WhiteTeam "White Rose"]
[BlackTeam "Barbican II"]
[WhiteTeamCountry "ENG"]
[BlackTeamCountry "ENG"]

1. d4 d5 2. c4 c6 3. Nf3 Nf6 4. e3 Bf5 5. Nc3 e6 6. Nh4 Bg6 7. Be2 Nbd7 8. g3 Be4 9. 0-0 Be7 10. f3 Bg6 11. Qb3 Qb6 12. Nxg6 hxg6 13. Kg2 0-0-0 14. Qa4 Rh7 15. c5 Nxc5 16. dxc5 Bxc5 17. Nd1 Rdh8 18. Rh1 e5 19. Bd2 Qc7 20. Rc1 Bb6 21. Qb3 Qd7 22. Nf2 Kb8 23. a4 e4 24. a5 exf3+ 25. Bxf3 Bc7 26. a6 b6 27. Qa4 Qd6 28. Qxc6 Rxh2+ 29. Rxh2 Rxh2+ 30. Kf1 Qxc6 31. Rxc6 Bxg3 32. Be1 Rh8 33. Bc3 Re8 34. Bxf6 gxf6 35. Rxf6 Rxe3 36. Bxd5 Re5 37. Ne4 Bh4 38. Rd6 Kc7 39. Rc6+ Kd7 40. Rd6+ Kc7 41. Rc6+ Kd7 42. Rxb6 Rxd5 43. Rb7+ Kc6 44. Rxa7 Rf5+ 45. Kg2 Kb6 46. Ra8 Ra5 1/2-1/2

[Event "BCF-chT2a 1617 (4NCL)"]
[Site "England"]
[Date "2016.11.19"]
[Round "1.11"]
[White "Moss, Guy"]
[Black "Rudd, Jack"]
[Result "1/2-1/2"]
[WhiteElo "2052"]
[BlackElo "2212"]
[PlyCount "105"]
[EventDate "2016.11.19"]
[EventType "team-tourn"]
[EventRounds "11"]
[EventCountry "ENG"]
[SourceTitle "EXT 2019"]
[Source "ChessBase"]
[SourceDate "2018.10.10"]
[SourceVersion "1"]
[SourceVersionDate "2018.10.10"]
[SourceQuality "1"]
[WhiteTeam "Barbican Youth"]
[BlackTeam "West is Best"]
[WhiteTeamCountry "ENG"]
[BlackTeamCountry "ENG"]

1. e4 e5 2. Nf3 Nc6 3. Bb5 Nf6 4. d3 Bc5 5. 0-0 Nd4 6. Nxd4 Bxd4 7. c3 Bb6 8. Nd2 c6 9. Ba4 Qe7 10. h3 d6 11. b4 Bd7 12. Bc2 0-0-0 13. a4 g5 14. Nc4 Bc7 15. b5 Rdg8 16. bxc6 bxc6 17. d4 g4 18. dxe5 dxe5 19. Ba3 c5 20. h4 g3 21. Ne3 Nxe4 22. Bxe4 Qxh4 23. Bb7+ Kxb7 24. fxg3 Qxa4 25. Qxa4 Bxa4 26. Bxc5 Bb3 27. c4 a5 28. Rfb1 Kc6 29. Rxb3 Kxc5 30. Rb5+ Kc6 31. Nd5 Bd8 32. Raxa5 Bxa5 33. Ne7+ Kd6 34. Nxg8 Rxg8 35. Rxa5 Rxg3 36. c5+ Kc6 37. Ra7 f6 38. Rxh7 Rg6 39. Kf2 Kxc5 40. Rd7 Rg4 41. Kf3 Rd4 42. Rf7 Rf4+ 43. Ke3 Kd5 44. g3 Rf1 45. g4 Ke6 46. Ra7 Rd1 47. Ra6+ Kf7 48. g5 fxg5 49. Ke4 Rf1 50. Kxe5 Kg7 51. Ke4 Kf7 52. Ke3 Rf4 53. Rb6 1/2-1/2

[Event "BCF-chT2c 1516 (4NCL)"]
[Site "England"]
[Date "2016.03.20"]
[Round "8.213"]
[White "Moss, Guy"]
[Black "Coathup, Roger"]
[Result "1/2-1/2"]
[WhiteElo "2155"]
[BlackElo "2147"]
[PlyCount "84"]
[EventDate "2015.11.14"]
[EventType "team-swiss"]
[EventRounds "11"]
[EventCountry "ENG"]
[SourceTitle "EXT 2017"]
[Source "ChessBase"]
[SourceDate "2016.10.25"]
[SourceVersion "1"]
[SourceVersionDate "2016.10.25"]
[SourceQuality "1"]
[WhiteTeam "Barbican Youth"]
[BlackTeam "North East England"]
[WhiteTeamCountry "ENG"]
[BlackTeamCountry "ENG"]

1. e4 c5 2. Nf3 e6 3. d4 cxd4 4. Nxd4 a6 5. Nc3 b5 6. a3 Bb7 7. Be2 Qc7 8. 0-0 Nf6 9. Bf3 d6 10. g3 Nbd7 11. Bg2 Be7 12. f4 0-0 13. f5 e5 14. Nb3 Nc5 15. Nxc5 dxc5 16. Qe2 Rfd8 17. Be3 Bc6 18. Rfd1 Qb7 19. Bg5 Rac8 20. Rxd8+ Rxd8 21. Rd1 c4 22. h4 Qb6+ 23. Kh2 Rxd1 24. Qxd1 Bb7 25. Bxf6 Bxf6 26. Nd5 Qd4 27. Nxf6+ gxf6 28. Qxd4 exd4 29. Kg1 Kf8 30. Kf2 Ke7 31. Kf3 Kd6 32. Kf4 a5 33. c3 Kc5 34. Bf1 d3 35. Ke3 h6 36. g4 Bc6 37. Bg2 Bb7 38. Bf3 Bc6 39. Kf4 Kd6 40. Bd1 Bb7 41. Bf3 Bc6 42. Bd1 Bb7 1/2-1/2

[Event "BCF-chT1b 1516 (4NCL)"]
[Site "England"]
[Date "2016.02.14"]
[Round "6.166"]
[White "Moss, Guy"]
[Black "Maroroa, Sue Yuchan"]
[Result "0-1"]
[WhiteElo "2155"]
[BlackElo "2297"]
[PlyCount "128"]
[EventDate "2015.11.14"]
[EventType "team-swiss"]
[EventRounds "11"]
[EventCountry "ENG"]
[SourceTitle "CBM 170 Extra"]
[Source "ChessBase"]
[SourceDate "2016.02.25"]
[SourceVersion "1"]
[SourceVersionDate "2016.02.25"]
[SourceQuality "1"]
[WhiteTeam "Barbican II"]
[BlackTeam "White Rose"]
[WhiteTeamCountry "ENG"]
[BlackTeamCountry "ENG"]

1. e4 e5 2. Nf3 Nc6 3. Bb5 a6 4. Ba4 Nf6 5. d3 d6 6. c3 g6 7. 0-0 Bg7 8. Nbd2 0-0 9. Re1 b5 10. Bc2 Bb7 11. a4 Nb8 12. b4 Nbd7 13. Nb3 Rb8 14. axb5 axb5 15. Ra5 Ba8 16. d4 Re8 17. d5 Qc8 18. Nfd2 c6 19. c4 bxc4 20. Nxc4 Bf8 21. dxc6 Qxc6 22. Nbd2 Rxb4 23. Ba4 Qc7 24. Ba3 Rxc4 25. Nxc4 Qxc4 26. Bb5 Qc7 27. Qa4 Nb6 28. Qb3 Rb8 29. Rc1 Qd8 30. Ra7 Nbd7 31. Rcc7 Bxe4 32. Qa4 Nb6 33. Qa6 Bd5 34. Bc6 Ne8 35. Bxe8 Qxe8 36. Rc1 Nc4 37. Rd1 Nxa3 38. Qxa3 Be6 39. Qe3 Qc6 40. Rc1 Qb5 41. h3 h5 42. Rcc7 Qb1+ 43. Kh2 Qf5 44. Rcb7 Rc8 45. Rc7 Rxc7 46. Rxc7 Qf4+ 47. Qxf4 exf4 48. Kg1 f3 49. h4 d5 50. gxf3 Bd6 51. Ra7 Kg7 52. Kf1 d4 53. Ra4 Bc5 54. Ke2 Bb3 55. Ra8 Bc4+ 56. Kd1 Bd5 57. Rc8 Bxf3+ 58. Kd2 Be7 59. Rc4 Bf6 60. Ra4 Be5 61. Ra5 Kf6 62. Kd3 Kf5 63. Kd2 f6 64. Kd3 g5 0-1

[Event "BCF-chT1d 1415 (4NCL) Demotion pool"]
[Site "England"]
[Date "2015.05.02"]
[Round "9.187"]
[White "Baruch, Andrew JD"]
[Black "Moss, Guy"]
[Result "1-0"]
[WhiteElo "2066"]
[BlackElo "2177"]
[PlyCount "95"]
[EventDate "2014.11.15"]
[EventType "team-tourn"]
[EventRounds "4"]
[EventCountry "ENG"]
[SourceTitle "EXT 2023"]
[Source "ChessBase"]
[SourceDate "2022.10.05"]
[SourceVersion "1"]
[SourceVersionDate "2022.10.05"]
[SourceQuality "1"]
[WhiteTeam "Warwicks Select"]
[BlackTeam "Barbican II"]
[WhiteTeamCountry "ENG"]
[BlackTeamCountry "ENG"]

1. g3 d5 2. c4 c6 3. Bg2 Nf6 4. Nf3 Bf5 5. b3 h6 6. 0-0 e6 7. Bb2 Be7 8. d3 0-0 9. Nbd2 Nbd7 10. a3 a5 11. Bc3 Qc7 12. Qc1 Bh7 13. Qb2 Nc5 14. Ne5 Rfd8 15. Bd4 dxc4 16. Nexc4 Ncd7 17. b4 axb4 18. axb4 Ne8 19. b5 c5 20. Bc3 Rxa1 21. Rxa1 Bf6 22. b6 Nxb6 23. Bxf6 Nxc4 24. Bxd8 Nxb2 25. Bxc7 Nxc7 26. Bxb7 Kf8 27. Rc1 Na4 28. Rc4 Nb6 29. Rxc5 Ne8 30. Nc4 Nxc4 31. Rxc4 Nd6 32. Rc7 Nxb7 33. Rxb7 e5 34. e4 f6 35. Kf1 Bg6 36. Ke2 Bf7 37. Ke3 g6 38. f4 Kg7 39. d4 exd4+ 40. Kxd4 g5 41. e5 fxe5+ 42. fxe5 Kf8 43. Kc5 h5 44. Kd6 Be8 45. Rb8 h4 46. Ke6 hxg3 47. hxg3 g4 48. Kf6 1-0

[Event "BCF-chT2b 1415 (4NCL)"]
[Site "England"]
[Date "2015.01.10"]
[Round "3.253"]
[White "Guthrie, David"]
[Black "Moss, Guy"]
[Result "1-0"]
[WhiteElo "2185"]
[BlackElo "2062"]
[PlyCount "75"]
[EventDate "2014.11.15"]
[EventType "team-tourn"]
[EventRounds "7"]
[EventCountry "ENG"]
[SourceTitle "EXT 2016"]
[Source "ChessBase"]
[SourceDate "2015.10.08"]
[SourceVersion "1"]
[SourceVersionDate "2015.10.08"]
[SourceQuality "1"]
[WhiteTeam "Kings Head"]
[BlackTeam "Barbican Youth"]
[WhiteTeamCountry "ENG"]
[BlackTeamCountry "ENG"]

1. d4 d5 2. c4 c6 3. Nf3 Nf6 4. Nc3 dxc4 5. a4 Bf5 6. Ne5 Nbd7 7. Nxc4 e6 8. f3 Bb4 9. Bg5 Qc7 10. e4 Bg6 11. Be2 0-0 12. 0-0 Rfe8 13. Qb3 Be7 14. Be3 e5 15. dxe5 Nxe5 16. Bf4 Nfd7 17. Bg3 Bh5 18. Rad1 Bf6 19. Qc2 Rf8 20. Kh1 Qc8 21. Nd6 Qd8 22. f4 Ng4 23. Qd2 Nc5 24. e5 Be7 25. h3 Nb3 26. Qd3 Nc5 27. Qd4 Bh4 28. Bxh4 Qxh4 29. Nf5 Nb3 30. Nxh4 Nxd4 31. Rxd4 Ne3 32. Rf2 Nc2 33. Rd2 Bxe2 34. Rxc2 Bc4 35. Rcd2 b5 36. Nf5 b4 37. Ne4 Rad8 38. Ned6 1-0

[Event "Sunningdale e2e4 op 04"]
[Site "Ascot"]
[Date "2014.04.21"]
[Round "9"]
[White "Moss, Guy"]
[Black "Bryant, Richard BE"]
[Result "1-0"]
[WhiteElo "2030"]
[BlackElo "1957"]
[PlyCount "57"]
[EventDate "2014.04.17"]
[EventType "swiss"]
[EventRounds "9"]
[EventCountry "ENG"]
[SourceTitle "CBM 159 Extra"]
[Source "ChessBase"]
[SourceDate "2014.04.24"]
[SourceVersion "1"]
[SourceVersionDate "2014.04.24"]
[SourceQuality "1"]

1. e4 e6 2. d4 d5 3. e5 c5 4. c3 Nc6 5. Nf3 Bd7 6. a3 a5 7. Bd3 Qc7 8. 0-0 f5 9. Re1 a4 10. c4 dxc4 11. Bxc4 Na5 12. Ba2 Rd8 13. Nc3 b5 14. d5 Qb6 15. d6 c4 16. Be3 Qb7 17. Nd4 Kf7 18. g4 Re8 19. gxf5 exf5 20. Bf4 Re6 21. Nxe6 Bxe6 22. Qe2 h6 23. Rad1 Qd7 24. Nd5 Nb7 25. Nc7 Nc5 26. Be3 Nb7 27. Nxe6 Qxe6 28. Qf3 Nd8 29. Bb6 1-0

[Event "Sunningdale e2e4 op 04"]
[Site "Ascot"]
[Date "2014.04.18"]
[Round "2"]
[White "Moss, Guy"]
[Black "Pert, Nicholas"]
[Result "0-1"]
[WhiteElo "2030"]
[BlackElo "2552"]
[PlyCount "60"]
[EventDate "2014.04.17"]
[EventType "swiss"]
[EventRounds "9"]
[EventCountry "ENG"]
[SourceTitle "CBM 159 Extra"]
[Source "ChessBase"]
[SourceDate "2014.04.24"]
[SourceVersion "1"]
[SourceVersionDate "2014.04.24"]
[SourceQuality "1"]

1. e4 e6 2. d4 d5 3. e5 c5 4. c3 Nc6 5. Nf3 Bd7 6. a3 f6 7. b4 fxe5 8. dxe5 Qc7 9. Bf4 Nh6 10. Bd3 Nf7 11. 0-0 0-0-0 12. Ng5 Nxg5 13. Bxg5 Re8 14. f4 c4 15. Bc2 h6 16. Bh4 g5 17. fxg5 hxg5 18. Bg3 Bg7 19. Qg4 Bxe5 20. Bxe5 Qxe5 21. Qg3 Qxg3 22. hxg3 e5 23. Bf5 e4 24. Bxd7+ Kxd7 25. Nd2 g4 26. Rf7+ Kc8 27. Re1 e3 28. Nb1 Ne5 29. Rf5 Nd3 30. Re2 Re6 0-1

[Event "High Wycombe e2e4 op 03"]
[Site "High Wycombe"]
[Date "2014.03.15"]
[Round "3"]
[White "Moss, Guy"]
[Black "Oates, David"]
[Result "1/2-1/2"]
[WhiteElo "2014"]
[BlackElo "2169"]
[PlyCount "104"]
[EventDate "2014.03.14"]
[EventType "swiss"]
[EventRounds "5"]
[EventCountry "ENG"]
[SourceTitle "CBM 159 Extra"]
[Source "ChessBase"]
[SourceDate "2014.04.24"]
[SourceVersion "1"]
[SourceVersionDate "2014.04.24"]
[SourceQuality "1"]

1. e4 Nc6 2. Nf3 d6 3. d4 Nf6 4. Nc3 g6 5. h3 Bg7 6. Be3 0-0 7. Be2 e5 8. dxe5 dxe5 9. Bc5 Re8 10. 0-0 b6 11. Be3 Qxd1 12. Raxd1 Bb7 13. a3 Nd4 14. Nxd4 exd4 15. Bxd4 Nxe4 16. Bxg7 Kxg7 17. Nxe4 Bxe4 18. Bc4 Re7 19. Rd2 Bc6 20. f3 f5 21. Kf2 Kf6 22. Rfd1 Rae8 23. Rd8 g5 24. Rxe8 Rxe8 25. Rd3 Re7 26. Re3 Rxe3 27. Kxe3 Ke5 28. Bf7 Bb5 29. c4 Ba4 30. g3 f4+ 31. gxf4+ gxf4+ 32. Kd3 c5 33. h4 Bc6 34. Bh5 a5 35. b3 Kf6 36. Ke2 Kg7 37. a4 Kf6 38. Kd3 Ke5 39. Kc3 Bd7 40. Kd3 Be6 41. Bg4 Bf7 42. Kc3 Be8 43. Kd3 Bc6 44. Bh5 Bb7 45. Bg4 Ba8 46. Bh5 Bc6 47. Bg4 Be8 48. Kc3 Bg6 49. Bc8 Be8 50. Bg4 h5 51. Bh3 Bc6 52. Bg2 Bd7 1/2-1/2

[Event "BCF-chT2b 1314 (4NCL)"]
[Site "England"]
[Date "2014.01.12"]
[Round "4.75"]
[White "Moss, Guy"]
[Black "Drabble, Andrew"]
[Result "1/2-1/2"]
[WhiteElo "2001"]
[BlackElo "2080"]
[PlyCount "85"]
[EventDate "2013.11.16"]
[EventType "team-swiss"]
[EventRounds "11"]
[EventCountry "ENG"]
[SourceTitle "EXT 2015"]
[Source "ChessBase"]
[SourceDate "2014.11.20"]
[SourceVersion "1"]
[SourceVersionDate "2014.11.20"]
[SourceQuality "1"]
[WhiteTeam "Barbican Youth"]
[BlackTeam "Bradford DCA Knights"]
[WhiteTeamCountry "ENG"]
[BlackTeamCountry "ENG"]

1. e4 e6 2. d4 d5 3. e5 c5 4. c3 Qb6 5. Nf3 Bd7 6. Be2 cxd4 7. cxd4 Bb5 8. Qb3 Bxe2 9. Qxb6 axb6 10. Kxe2 Ne7 11. Nc3 Nec6 12. Bd2 Be7 13. Nb5 Kd7 14. Ne1 Na6 15. Nc2 Rhc8 16. Kd3 Nc7 17. Nxc7 Rxc7 18. f4 Ra4 19. g4 Rc8 20. f5 g6 21. fxe6+ fxe6 22. Rhf1 Rf8 23. Rxf8 Bxf8 24. Rf1 Ke8 25. a3 Be7 26. Rf3 h5 27. gxh5 gxh5 28. Rh3 h4 29. Be1 Kd7 30. Rf3 Ra8 31. Rf7 Rh8 32. Ne3 Ke8 33. Rf4 Bg5 34. Rg4 Bxe3 35. Kxe3 Ne7 36. Kd3 Nf5 37. Rg6 Ke7 38. h3 Rc8 39. Bd2 Rc4 40. Rg4 Kf7 41. Bg5 Rc8 42. Bf6 Rc1 43. Bxh4 1/2-1/2

[Event "EU-ch U14 23rd"]
[Site "Budva"]
[Date "2013.10.06"]
[Round "7"]
[White "Yayloyan, Konstantin"]
[Black "Moss, Guy"]
[Result "1-0"]
[WhiteElo "1912"]
[BlackElo "2030"]
[PlyCount "65"]
[EventDate "2013.09.29"]
[EventType "swiss"]
[EventRounds "9"]
[EventCountry "MNE"]
[SourceTitle "EXT 2014"]
[Source "ChessBase"]
[SourceDate "2013.11.20"]
[SourceVersion "1"]
[SourceVersionDate "2013.11.20"]
[SourceQuality "1"]

1. e4 c5 2. Nf3 d6 3. d4 cxd4 4. Nxd4 Nf6 5. Nc3 Nc6 6. Bc4 e6 7. Be3 Be7 8. Qe2 0-0 9. 0-0-0 a6 10. Bb3 Qc7 11. Rhg1 Nxd4 12. Bxd4 b5 13. g4 Bb7 14. g5 Nd7 15. Qh5 Nc5 16. Rg4 Nxb3+ 17. axb3 e5 18. Rh4 Bxg5+ 19. Qxg5 f6 20. Qh5 g6 21. Bb6 Qg7 22. Qe2 Bc8 23. Rxd6 g5 24. Rh5 Qg6 25. Nd5 Rf7 26. h4 gxh4 27. Rxf6 Qg1+ 28. Kd2 Rxf6 29. Nxf6+ Kf7 30. Rxh7+ Kxf6 31. Qf3+ Ke6 32. Qf7+ Kd6 33. Qe7+ 1-0

[Event "EU-ch U14 23rd"]
[Site "Budva"]
[Date "2013.10.03"]
[Round "5"]
[White "Tifferet, Shaked"]
[Black "Moss, Guy"]
[Result "1-0"]
[WhiteElo "1866"]
[BlackElo "2030"]
[PlyCount "127"]
[EventDate "2013.09.29"]
[EventType "swiss"]
[EventRounds "9"]
[EventCountry "MNE"]
[SourceTitle "EXT 2014"]
[Source "ChessBase"]
[SourceDate "2013.11.20"]
[SourceVersion "1"]
[SourceVersionDate "2013.11.20"]
[SourceQuality "1"]

1. e4 c5 2. Nf3 d6 3. d4 cxd4 4. Nxd4 Nf6 5. Nc3 Nc6 6. Bc4 e6 7. Be3 Be7 8. Qe2 0-0 9. 0-0-0 a6 10. Bb3 Nxd4 11. Bxd4 b5 12. e5 dxe5 13. Bxe5 Qb6 14. Ne4 Nd5 15. Bxd5 exd5 16. Nc3 Be6 17. Nxd5 Bxd5 18. Rxd5 Qe6 19. Qf3 b4 20. b3 a5 21. Bb2 a4 22. Re5 Qh6+ 23. Kb1 Bd6 24. Rd5 axb3 25. axb3 Rfe8 26. Rhd1 Be7 27. Qg4 Bf6 28. Rd6 Bxb2 29. Kxb2 Qxh2 30. f4 Rf8 31. Qg5 h6 32. Qg4 Ra3 33. Rb6 h5 34. Qf3 Qh4 35. Qe4 Rfa8 36. Rxb4 Ra2+ 37. Kc3 Qg3+ 38. Rd3 Qf2 39. Rdd4 Qg3+ 40. Rd3 Qf2 41. Rdd4 f5 42. Qd5+ Kh8 43. Qxf5 Qe1+ 44. Rd2 Qa1+ 45. Kc4 R2a5 46. Rb5 Rxb5 47. Qxb5 Rc8+ 48. Kd3 Qf1+ 49. Re2 Qd1+ 50. Ke4 Rd8 51. Qxh5+ Kg8 52. Kf3 Qf1+ 53. Kg3 Rf8 54. Qd5+ Kh8 55. Qf3 Qa1 56. Re5 Rd8 57. Rh5+ Kg8 58. Qe4 Qc3+ 59. Kh2 Qc8 60. Qh7+ Kf7 61. Rf5+ Ke6 62. Qg6+ Kd7 63. Rf7+ Ke8 64. Rc7+ 1-0

[Event "EU-ch U14 23rd"]
[Site "Budva"]
[Date "2013.10.01"]
[Round "3"]
[White "Kantor, Gergely"]
[Black "Moss, Guy"]
[Result "1/2-1/2"]
[WhiteElo "2362"]
[BlackElo "2030"]
[PlyCount "115"]
[EventDate "2013.09.29"]
[EventType "swiss"]
[EventRounds "9"]
[EventCountry "MNE"]
[SourceTitle "EXT 2014"]
[Source "ChessBase"]
[SourceDate "2013.11.20"]
[SourceVersion "1"]
[SourceVersionDate "2013.11.20"]
[SourceQuality "1"]

1. d4 d5 2. c4 c6 3. Nf3 Nf6 4. Nc3 dxc4 5. a4 Bf5 6. e3 e6 7. Bxc4 Nbd7 8. 0-0 Bb4 9. Qe2 0-0 10. e4 Bg6 11. Bd3 c5 12. e5 cxd4 13. exf6 dxc3 14. fxg7 Kxg7 15. Rd1 Qc7 16. Bxg6 hxg6 17. Rd4 Be7 18. Bf4 Qc6 19. b4 Nb6 20. Ne5 Qc8 21. Qe3 Rh8 22. Re1 f6 23. Nd7 Nxd7 24. Qxe6 Ne5 25. Qxe7+ Nf7 26. Re6 Qxe6 27. Bh6+ Kxh6 28. Qxe6 c2 29. Qe3+ Kg7 30. Qc1 Rac8 31. Rd2 Rhe8 32. Kf1 Re4 33. Rxc2 Rxc2 34. Qxc2 Rxb4 35. g3 a5 36. h4 b5 37. axb5 Rxb5 38. Qa4 Rd5 39. Kg2 Rc5 40. Qd7 Re5 41. g4 Re4 42. Kg3 Re5 43. f3 Rc5 44. Qa7 Rd5 45. Kf4 Re5 46. Qd7 Kg8 47. Qc6 Kg7 48. Qa6 Nd8 49. Qa7+ Nf7 50. Kg3 Rb5 51. f4 Rb3+ 52. Kg2 Rb2+ 53. Kf3 Rb3+ 54. Ke2 Rb2+ 55. Ke3 Rb3+ 56. Ke2 Rb2+ 57. Kd3 Rb3+ 58. Ke2 1/2-1/2